000
00284nam a22001097a 4500
008
170111b xxu||||| |||| 00| 0 eng d
020
_a
9780763734787
041
_a
eng
080
_2
6TH
_a
618.2
245
_a
BASIC STEPS PLANNING NURSING RESEARCH
_c
WOOD, M.J & KERR, J.C
942
_2
udc
_c
BK
999
_c
2704
_d
2704